| 000 | 00756nam a2200229 a 4500 | ||
|---|---|---|---|
| 005 | 20241130063756.0 | ||
| 008 | 991125s1989 mx 000 0 spa u | ||
| 020 | _a9682315670 | ||
| 035 | _aUPN01000051154 | ||
| 049 | _aCG | ||
| 050 | 4 |
_aJL1292 _bR6.7 1989 |
|
| 100 | 1 |
_aRodríguez Araujo, Octavio, _d1941- _933865 |
|
| 245 | 1 | 3 |
_aLa reforma política y los partidos en México / _cOctavio Rodríguez Araujo. |
| 250 | _a10a ed. actualizada | ||
| 260 |
_aMéxico : _bSiglo XXI, _c1989. |
||
| 300 | _a404 p. | ||
| 590 | _a"Bibliografía básica (BGTQ) , 2010" | ||
| 590 | _a(También localizas un ejemplar en el "Area de reserva") | ||
| 650 | 2 |
_aPartidos políticos _zMéxico _99992 |
|
| 651 | 4 |
_aMéxico _xPolítica y gobierno _94512 |
|
| 905 | _aLibro | ||
| 999 |
_c51154 _d51154 |
||